书目信息 |
| 题名: |
巴乌自学入门与提高
|
|
| 作者: | 王铁锤 编著 | |
| 分册: | ||
| 出版信息: | 北京 蓝天出版社 2004.05 |
|
| 页数: | 230页 | |
| 开本: | 26cm | |
| 丛书名: | 音乐名师教学丛书 | |
| 单 册: | ||
| 中图分类: | J632.19 | |
| 科图分类: | ||
| 主题词: | 民族器乐--理论 , 民族乐器--奏法 | |
| 电子资源: | ||
| ISBN: | 7-80158-464-3 | |
| 000 | 00744nam0 2200253 450 | |
| 001 | 0778899172 | |
| 005 | 20080106143536.13 | |
| 010 | @a7-80158-464-3@dCNY24.80 | |
| 100 | @a20071227d2004 km y0chiy0120 ea | |
| 101 | 0 | @achi |
| 102 | @aCN@b110000 | |
| 200 | 1 | @a巴乌自学入门与提高@Aba wu zi xue ru men yu ti gao@f王铁锤编著@Fwang tie chui bian zhu |
| 210 | @a北京@c蓝天出版社@d2004.05 | |
| 215 | @a230页@d26cm | |
| 225 | 2 | @a音乐名师教学丛书 |
| 300 | @a附乐队总谱 | |
| 410 | 0 | @12001 @a音乐名师教学丛书 |
| 606 | 0 | @a民族器乐@x理论 |
| 606 | 0 | @a民族乐器@x奏法 |
| 690 | @aJ632.19@v4 | |
| 701 | 0 | @a王铁锤@Awang tie chui@4编著 |
| 801 | 0 | @aCN@b大连网信软件有限公司图书馆@c20080106 |
| 905 | @aBZT@dJ632.19@e1 | |
| 906 | @dCNY24.80@n0@r1 | |
| 巴乌自学入门与提高/王铁锤编著.-北京:蓝天出版社,2004.05 |
| 230页;26cm.-(音乐名师教学丛书) |
| 附乐队总谱 |
| ISBN 7-80158-464-3:CNY24.80 |
| ● |
| 相关链接 |
|
|
|
正题名:巴乌自学入门与提高
索取号:J632.19/1
 
预约/预借
| 序号 | 登录号 | 条形码 | 馆藏地/架位号 | 状态 | 备注 |
| 1 | 623470 | 2000623470 | 中心书库中库/ 中库020架B面5列5层61/ [索取号:J632.19/1] | 在馆 | |
| 2 | 623471 | 2000623471 | 中心书库中库/ 中库020架B面5列3层45/ [索取号:J632.19/1] | 在馆 | |
| 3 | 623472 | 2000623472 | 中心书库中库/ 中库020架B面5列3层44/ [索取号:J632.19/1] | 在馆 | |
| 4 | 623473 | 2000623473 | 中心书库中库/ 中库020架B面5列3层43/ [索取号:J632.19/1] | 在馆 | |
| 5 | 623474 | 2000623474 | 中心书库中库/ 中库020架B面5列3层41/ [索取号:J632.19/1] | 在馆 | |
| 6 | 623475 | 2000623475 | 中心书库中库/ 中库020架B面5列5层62/ [索取号:J632.19/1] | 在馆 | |
| 7 | 623476 | 2000623476 | 中心书库中库/ 中库020架B面5列3层42/ [索取号:J632.19/1] | 在馆 | |
| 8 | 623477 | 2000623477 | 中心书库中库/ 中库020架B面5列3层40/ [索取号:J632.19/1] | 在馆 | |
| 9 | 623478 | 2000623478 | 中心书库中库/ 中库020架B面5列3层39/ [索取号:J632.19/1] | 在馆 | |
| 10 | 623479 | 2000623479 | 中心书库中库/ 中库020架B面5列3层46/ [索取号:J632.19/1] | 在馆 |